000
00273nam a22001337a 4500
008
170213b xxu||||| |||| 00| 0 eng d
020
_a
606
041
_a
eng
080
_a
61
100
_a
4
101
_a
SHM
245
_a
SPORTS MEDICINE
_c
GARRELL, D.C
942
_2
udc
_c
BK
999
_c
5209
_d
5209